Statistics for Countries By Gun Ownership

Click here to take the quiz!

General Stats

  • This quiz has been taken 123 times
  • The average score is 3 of 10

Answer Stats

Guns per 100 citizensCountry% Correct
120United States
100%
35Canada
76%
32.3Finland
33%
31.7Iceland
29%
52.4Yemen
24%
39.1Serbia
22%
34.1Cyprus
14%
31.9Lebanon
14%
39.0Montenegro
12%
34.7Uruguay
4%

Score Distribution

Percentile by Number Answered

Percent of People with Each Score

Your Score History

You have not taken this quiz